书目信息 |
| 题名: |
英文建筑经济常用词典
|
|
| 作者: | 陈菲琼 | |
| 分册: | ||
| 出版信息: | 杭州出版社 1998.05 |
|
| 页数: | ||
| 开本: | ||
| 丛书名: | ||
| 单 册: | ||
| 中图分类: | F830.59 | |
| 科图分类: | ||
| 主题词: | 金融 , 银行 | |
| 电子资源: | ||
| ISBN: | 7-80633-102-6 | |
| 000 | 00472nam0 2200181 450 | |
| 001 | 0657898241 | |
| 005 | 20061213160729.92 | |
| 010 | @a7-80633-102-6@dRMB 11.00 | |
| 100 | @a20061213d1998 km y0chiy0120 ea | |
| 101 | 0 | @achi |
| 200 | 1 | @a英文建筑经济常用词典@f陈菲琼@Fchen fei qiong |
| 210 | @c杭州出版社@d1998.05 | |
| 606 | 0 | @a金融 |
| 606 | 0 | @a银行 |
| 690 | @aF830.59@v3 | |
| 701 | 0 | @a陈菲琼@Achen fei qiong |
| 801 | 0 | @aCN@bNISOFT@c20061213 |
| 905 | @a10447@dF830.59@eC415 | |
| 英文建筑经济常用词典/陈菲琼.-杭州出版社,1998.05 |
| ISBN 7-80633-102-6:RMB 11.00 |
| ● |
| 相关链接 |
|
|
|
正题名:英文建筑经济常用词典
索取号:F830.59/C415
 
预约/预借
| 序号 | 登录号 | 条形码 | 馆藏地/架位号 | 状态 | 备注 |
| 1 | 443969 | 204439697 | 管理学院资料室/ [索取号:F830.59/C415] | 在馆 | |
| 2 | 444225 | 204442255 | 管理学院资料室/ [索取号:F830.59/C415] | 在馆 |